Loading...
| Current Events | 1 | 10.00 | 100% | 0% | 0% |
| Fine Arts - Classical Music | 1 | 30.00 | 100% | 100% | 100% |
| Fine Arts - Other Fine Arts | 3 | 13.33 | 100% | 33% | 0% |
| Geography | 1 | 10.00 | 100% | 0% | 0% |
| History - American History | 4 | 10.00 | 100% | 0% | 0% |
| History - European History | 5 | 16.00 | 100% | 60% | 0% |
| History - Other History | 4 | 10.00 | 100% | 0% | 0% |
| History - World History | 2 | 20.00 | 100% | 100% | 0% |
| Literature - American Literature | 7 | 17.14 | 100% | 71% | 0% |
| Literature - British Literature | 3 | 16.67 | 100% | 67% | 0% |
| Literature - European Literature | 3 | 16.67 | 100% | 67% | 0% |
| Literature - World Literature | 5 | 14.00 | 100% | 40% | 0% |
| Mythology | 5 | 18.00 | 60% | 100% | 20% |
| Painting/Sculpture | 5 | 18.00 | 100% | 60% | 20% |
| Philosophy | 1 | 30.00 | 100% | 100% | 100% |
| Pop Culture | 2 | 10.00 | 100% | 0% | 0% |
| Religion | 3 | 13.33 | 100% | 33% | 0% |
| Science - Biology | 3 | 26.67 | 100% | 100% | 67% |
| Science - Chemistry | 4 | 25.00 | 100% | 100% | 50% |
| Science - Other Science | 4 | 17.50 | 100% | 75% | 0% |
| Science - Physics | 4 | 20.00 | 100% | 100% | 0% |
| Social Science | 2 | 20.00 | 100% | 50% | 50% |